| 000 | 00751 a2200193 4500 | ||
|---|---|---|---|
| 008 | 101021t xxu||||| |||| 00| 0 eng d | ||
| 020 | _a9781403984050 | ||
| 020 | _a1403984050 | ||
| 050 |
_aRA643.86 _b.A35F85 2008 |
||
| 100 | _aFuller, Linder K. | ||
| 245 | _aAfrican Women's Unique Vulnerabilities to HIV/AIDS | ||
| 260 |
_bPalgrave Macmillan _c2008 |
||
| 300 |
_a XVii,309p.; _c24cm |
||
| 500 | _aIncludes bibliographical references and index | ||
| 650 | _bAids (disease)-Africa | ||
| 650 |
_bWomen _xSocial conditions _zAfrica |
||
| 942 |
_cBK _2lcc |
||
| 999 |
_c37328 _d37328 |
||